ஆலய பூஜை, ஹோம கால முத்ரைகள் விளக்கங்கள் /

Saved in:
Bibliographic Details
Main Author: ராகவாச்சார்யர், எஸ். எஸ்
Format: Book
Language:English
Tamil
Published: சென்னை : நர்மதா பதிப்பகம் , 2024
Subjects:
Tags: Add Tag
No Tags, Be the first to tag this record!

MARC

LEADER 00000nam a22000007a 4500
005 20260410151104.0
008 260410b |||||||| |||| 00| 0 eng d
020 |a 9789388428392 
041 |a tam  |h tam 
082 |a 294.5  |b ராகவா 
100 |a ராகவாச்சார்யர், எஸ். எஸ்.  |9 117208 
245 |a ஆலய பூஜை, ஹோம கால முத்ரைகள் விளக்கங்கள் /  |c எஸ். எஸ்ராகவாச்சார்யர். 
260 |a சென்னை :   |b நர்மதா பதிப்பகம் ,  |c 2024 
300 |a 136p.:  |b ill;  |c 17.5.cm 
500 |a Purchased  
650 |a  இந்து மதம்  |9 117209 
942 |c BK 
999 |c 71247  |d 71247